[Event "Mollerussa op-B"]
[Site "Mollerusa"]
[Date "1997.??.??"]
[Round "5"]
[White "Tarraga Borrull, Antoni"]
[Black "Florensa Becana, Magin"]
[Result "0-1"]
[WhiteElo "1975"]
[BlackElo "1985"]
[PlyCount "70"]
[EventDate "1997.??.??"]
[EventType "swiss"]
[EventRounds "8"]
[EventCountry "ESP"]
[SourceTitle "EXT 2003"]
[Source "ChessBase"]
[SourceDate "2002.11.25"]
[SourceVersion "1"]
[SourceVersionDate "2002.11.25"]
[SourceQuality "1"]

1. e4 e6 2. d4 d5 3. exd5 exd5 4. Bd3 Nf6 5. Ne2 Bg4 6. h3 Bh5 7. Bf4 Be7 8. c3 c6 9. Qc2 Nbd7 10. Ng3 Bg6 11. Nf5 Bxf5 12. Bxf5 Qa5 13. Nd2 g6 14. Bd3 Nh5 15. Be3 0-0-0 16. g4 Ng7 17. b4 Qc7 18. a4 Rhe8 19. Nb3 Bg5 20. Qe2 f5 21. h4 Bxe3 22. fxe3 Rxe3 23. Qxe3 Re8 24. Qxe8+ Nxe8 25. gxf5 Qg3+ 26. Kd2 Qg2+ 27. Be2 Nef6 28. Rag1 Ne4+ 29. Kd3 Qf2 30. Rf1 Qg3+ 31. Rf3 Qg2 32. Rhf1 gxf5 33. h5 Ndf6 34. Rxf5 Ng3 35. Rxf6 Qxe2# 0-1